[Event "AUTO-INT-3848"]
[Site "http://www.queenalice.com/game.php?id=1823382"]
[Date "2023.10.20"]
[Round "1"]
[White "wj64"]
[Black "WLAO"]
[Result "1-0"]
[WhiteElo "1673"]
[BlackElo "1491"]

1. d4 d5 2. Nc3 e6 3. Qd3 Nc6 4. Nf3 Nb4 5. Qb5+ c6 6. Qa4 Bd6 7. a3 Nxc2+ 8.
Qxc2 Nf6 9. Bg5 h6 10. Bxf6 Qxf6 11. O-O-O Qf4+ 12. e3 Qf6 13. h4 O-O 14. h5 b6
15. Bd3 b5 16. Bh7+ Kh8 17. g4 Qxf3 18. b4 a5 19. Bd3 axb4 20. Be2 Qxf2 21. axb4
Qxe3+ 22. Kb1 Ra3 23. Rd3 Qf2 24. Nd1 Bb7 25. Nxf2 Ra6 26. Qb2 Rfa8 27. Rb3 Ra2
28. Qxa2 Rxa2 29. Kxa2 f6 30. Bd3 e5 31. Re1 e4 32. Bc2 Bc8 33. Rg1 Bh2 34. Re1
Bf4 35. Ra3 Bd2 36. Rb1 Be6 37. Ra6 Bg8 38. Rxc6 Kh7 39. Rc5 Be3 40. Nh3 Bxd4
41. Rxb5 Be6 42. Nf4 Bxg4 43. Nxd5 f5 44. Bd1 Bxh5 45. Bxh5 e3 46. Be2 f4 47.
Nxf4 Bc3 48. Rb8 Be5 49. Bd3+ g6 50. Rb7+ Bg7 51. Rc1 h5 52. Bxg6+ Kh6 53. Rc5
h4 54. Rh5# 1-0

[Event "AUTO-INT-3848"]
[Site "http://www.queenalice.com/game.php?id=1823383"]
[Date "2023.10.20"]
[Round "1"]
[White "WLAO"]
[Black "wj64"]
[Result "0-1"]
[WhiteElo "1506"]
[BlackElo "1670"]

1. e4 e5 2. Bc4 Nh6 3. d4 Qh4 4. Nd2 Ng4 5. Qf3 Qh5 6. Bxf7+ Qxf7 7. Qxf7+ Kxf7
8. d5 Bc5 9. Ngf3 Bxf2+ 10. Kf1 Bc5 11. Nc4 d6 12. Ng5+ Ke7 13. Bd2 Rf8+ 14. Ke1
Rf2 15. Kd1 Rxg2 16. h3 Nf2+ 17. Kc1 Nxh1 18. Nf3 b5 19. Na5 Bxh3 20. Nb7 Bb6
21. b3 Na6 22. Bg5+ Kd7 23. Nd8 h6 24. Bh4 Bg4 25. Nf7 Bxf3 26. Kb2 Bd4+ 27. Ka3
Nc5 28. Rxh1 Rxc2 29. Rb1 b4+ 30. Kxb4 Rxa2 31. Rf1 Be2 32. Rf2 Rb8# 0-1

[Event "AUTO-INT-3848"]
[Site "http://www.queenalice.com/game.php?id=1823388"]
[Date "2023.10.20"]
[Round "1"]
[White "ookla1"]
[Black "WLAO"]
[Result "1-0"]
[WhiteElo "1379"]
[BlackElo "1457"]

1. e4 e5 2. Nf3 Nc6 3. Nc3 Bb4 4. a3 Bxc3 5. dxc3 Nf6 6. Bd3 d6 7. O-O Bg4 8. h3
Qd7 9. Be2 Bh5 10. b4 O-O 11. c4 Nxe4 12. Bb2 a6 13. b5 axb5 14. cxb5 Nd4 15.
Nxd4 exd4 16. Qxd4 f6 17. Bxh5 Ng5 18. Qd5+ Kh8 19. Bg4 Qd8 20. a4 1-0

[Event "AUTO-INT-3848"]
[Site "http://www.queenalice.com/game.php?id=1823389"]
[Date "2023.10.20"]
[Round "1"]
[White "WLAO"]
[Black "ookla1"]
[Result "0-1"]
[WhiteElo "1438"]
[BlackElo "1398"]

1. e4 e5 2. Bc4 Nf6 3. d3 Nc6 4. c3 Be7 5. Qb3 O-O 6. Nf3 h6 7. Bxh6 gxh6 8. Nh4
d6 9. O-O Nh7 10. Nf5 Bf6 11. Nxh6+ Kg7 12. Nf5+ Bxf5 13. exf5 b6 14. Nd2 Na5
15. Qd1 Nxc4 16. dxc4 Kh8 17. Ne4 Be7 18. f6 Bxf6 19. Qh5 Qe7 20. b4 Rg8 0-1

[Event "AUTO-OPEN-4481"]
[Site "http://www.queenalice.com/game.php?id=1823430"]
[Date "2023.10.20"]
[Round "1"]
[White "WLAO"]
[Black "game"]
[Result "1-0"]
[WhiteElo "1440"]
[BlackElo "1465"]

1. e4 e5 2. Nf3 d6 3. Bc4 Bg4 4. d3 Nc6 5. c3 Be7 6. Nbd2 Nf6 7. Qb3 Na5 8. Qa4+
Nc6 9. Qb3 Na5 10. Qa4+ c6 11. b3 O-O 12. b4 Nxc4 13. dxc4 Bd7 14. b5 c5 15. O-O
Nxe4 16. Nxe4 a6 17. Qb3 axb5 18. cxb5 Be6 19. Qc2 Bf5 20. a4 d5 21. Bg5 dxe4
22. Bxe7 Qxe7 23. Ne1 e3 24. Qxf5 e2 25. Nf3 e4 26. Rfe1 exf3 27. gxf3 Rad8 28.
Kh1 Rd1 29. Raxd1 g6 30. Qc2 exd1=Q 31. Rxd1 Qf6 32. c4 Re8 33. Qc1 Qxf3+ 34.
Kg1 h5 35. Re1 Rd8 36. Rf1 Rd5 37. cxd5 Qxd5 38. Qh6 f6 39. Qxg6+ Kf8 40. Qxf6+
Kg8 41. Qg6+ Kf8 42. Re1 Qf7 43. Qd6+ Kg8 44. Qb8+ Kg7 45. Qe5+ Kg6 46. Qe4+ Kh6
47. Qe6+ Qg6+ 48. Qxg6+ Kxg6 49. Re6+ Kf5 50. Rh6 Kg5 51. Rb6 Kf5 52. Rxb7 Ke5
53. b6 c4 54. Re7+ Kd4 55. b7 c3 56. Rd7+ Kc4 57. b8=Q c2 58. Qc8+ Kb3 59. Rb7+
Kxa4 60. Qxc2+ Ka5 61. Qa2# 1-0

[Event "AUTO-OPEN-4481"]
[Site "http://www.queenalice.com/game.php?id=1823431"]
[Date "2023.10.20"]
[Round "1"]
[White "game"]
[Black "WLAO"]
[Result "1-0"]
[WhiteElo "1498"]
[BlackElo "1465"]

1. e4 Nc6 2. Nf3 e5 3. Bc4 Nge7 4. Ng5 d5 5. Qf3 f6 6. Bxd5 fxg5 7. d3 Qd6 8.
Bxg5 h6 9. Be3 g5 10. Nc3 Bg7 11. O-O-O Bd7 12. Qf7+ Kd8 13. Qxg7 Re8 14. Bf7
Kc8 15. Bxe8 Bxe8 16. Qf8 Qg6 17. Bc5 b6 18. Bxe7 Nxe7 19. Qxe7 Kb7 20. Qxe5 Rc8
21. Qg3 Bc6 22. Qh3 Re8 23. a4 a5 24. g4 Re5 25. d4 Re8 26. d5 Bd7 27. b4 axb4
28. Ne2 Rxe4 29. Rhe1 Bxg4 30. Qd3 Qe8 31. f3 Bxf3 32. Ng3 Rxe1 33. Qxf3 Rxd1+
34. Kxd1 Qd7 35. Nf5 Ka7 36. Nxh6 g4 37. Nxg4 Qb5 38. axb5 Kb8 39. Ne5 Ka7 40.
Nc6+ Kb7 41. h4 Kc8 42. Nxb4 Kd7 43. c4 Kd6 44. h5 Kc5 45. Nd3+ Kxc4 46. h6 Kxb5
47. h7 Ka6 48. h8=Q b5 49. Qc8+ Kb6 50. Qe3+ 1-0

[Event "AUTO-OPEN-4481"]
[Site "http://www.queenalice.com/game.php?id=1823432"]
[Date "2023.10.20"]
[Round "1"]
[White "WLAO"]
[Black "TammieM3ENF"]
[Result "1-0"]
[WhiteElo "1461"]
[BlackElo "1178"]

1. e4 e5 2. Nf3 d5 3. Bb5+ c6 4. Bd3 b5 5. Nxe5 c5 6. Bxb5+ Bd7 7. Bxd7+ Nxd7 8.
Nxf7 Kxf7 9. Qf3+ Ke8 10. d3 a6 11. O-O c4 12. exd5 a5 13. dxc4 a4 14. b3 axb3
15. cxb3 Nc5 16. Qe3+ Be7 17. Qe5 Nxb3 18. Qxg7 Nxa1 19. Qxh8 Bf6 20. Qxg8+ Kd7
21. Qe6+ Kc7 22. Qc6+ Kb8 23. Qb5+ Kc8 24. Qc6+ Kb8 25. Bf4+ Be5 26. Bxe5+ Ka7
27. Bd4+ Kb8 28. Be5+ Qc7 29. Bxc7+ Kc8 30. Qxa8+ Kxc7 31. Qc6+ Kd8 32. Re1 Nc2
33. Re8# 1-0

[Event "AUTO-OPEN-4481"]
[Site "http://www.queenalice.com/game.php?id=1823433"]
[Date "2023.10.20"]
[Round "1"]
[White "TammieM3ENF"]
[Black "WLAO"]
[Result "0-1"]
[WhiteElo "1168"]
[BlackElo "1457"]

1. d4 d5 2. Nf3 Bg4 3. e4 dxe4 4. Nbd2 exf3 5. gxf3 Bf5 6. f4 Qxd4 7. f3 Qe3+ 8.
Be2 Nd7 9. h4 Ngf6 10. Rh2 Qg1+ 11. Nf1 e6 12. Rf2 O-O-O 13. Be3 Bb4+ 14. c3 Nh5
15. cxb4 Ng3 16. Kd2 Nb6+ 17. Ke1 Rxd1+ 18. Bxd1 Nxf1 19. Ke2 Bh3 20. b3 Nd5 21.
Rxf1 Bxf1+ 22. Kd2 Nxe3 23. a4 Rd8+ 24. Kc3 Bg2 25. b5 Qe1+ 26. Kb2 Rd2+ 27. Ka3
Rxd1 28. Rxd1 Qxd1 29. h5 Nc2+ 30. Ka2 Qa1# 0-1

[Event "AUTO-OPEN-4481"]
[Site "http://www.queenalice.com/game.php?id=1823434"]
[Date "2023.10.20"]
[Round "1"]
[White "WLAO"]
[Black "maurice916"]
[Result "0-1"]
[WhiteElo "1482"]
[BlackElo "1865"]

1. e4 c6 2. d4 d5 3. e5 Bf5 4. Nd2 Qb6 5. c3 e6 6. Be2 c5 7. Ngf3 Nc6 8. dxc5
Qxc5 9. O-O Qb6 10. a3 h6 11. b4 Qc7 12. c4 Rd8 13. c5 d4 14. Bb2 d3 15. Bxd3
Rxd3 16. Nh4 Nge7 17. Qe2 Bh7 18. Nc4 Nd5 19. Nd6+ Bxd6 20. exd6 Qd7 21. Bxg7
Rg8 22. Qg4 f6 23. Ng6 Qxg7 24. Qxe6+ Nce7 25. Nxe7 Qxg2# 0-1

[Event "AUTO-OPEN-4481"]
[Site "http://www.queenalice.com/game.php?id=1823435"]
[Date "2023.10.20"]
[Round "1"]
[White "maurice916"]
[Black "WLAO"]
[Result "1-0"]
[WhiteElo "1921"]
[BlackElo "1513"]

1. Nf3 e6 2. e3 d6 3. c4 Nc6 4. Nc3 Nf6 5. d4 d5 6. a3 dxc4 7. Bxc4 Bd6 8. O-O
O-O 9. b4 Ng4 10. h3 Nf6 11. Bb2 a6 12. Rc1 Qe7 13. Bd3 b5 14. Bb1 Nh5 15. Ne5
Bxe5 16. dxe5 Nxe5 17. Qxh5 Nc4 18. Qxh7# 1-0